|
|
|
|
| LEADER |
00000nab#a22000007a#4500 |
| 001 |
arbauad035415 |
| 003 |
AR-BaUAD |
| 005 |
20250711112817.0 |
| 008 |
980219|||||||||###||||||b###|0###a|spa|| |
| 040 |
|
|
|a AR-BaUAD
|c AR-BaUAD
|b spa
|
| 100 |
|
|
|a Luzi, Francesco
|
| 245 |
|
|
|a Bigelli :
|b una storia per il marmo /
|c Francesco Luzi; Franco Mello;
|
| 300 |
0 |
|
|b sin paginar: fot.
|
| 653 |
|
|
|a ITALIA
|
| 653 |
|
|
|a BIGELLI
|
| 653 |
|
|
|a MUEBLES
|
| 653 |
|
|
|a BIBLIOTECAS
|
| 653 |
|
|
|a MESAS
|
| 653 |
|
|
|a FRUTERAS
|
| 653 |
|
|
|a MARMOL
|
| 653 |
|
|
|a DISEÑO INDUSTRIAL
|
| 700 |
1 |
|
|a Mello, Franco
|
| 773 |
0 |
|
|t INTERNI
|g no. 434 [oct. 1993]
|
| 942 |
|
|
|c ARTI
|
| 952 |
|
|
|0 0
|1 0
|4 0
|7 0
|9 80334
|a AR-BAuAD
|b AR-BAuAD
|d 2025-07-11
|l 0
|p AAQA035415
|r 2025-07-11 11:28:17
|w 2025-07-11
|y ARTI
|
| 990 |
|
|
|a DI199
|b TD
|
| 998 |
|
|
|a AAQ
|b BIBUN76
|
| 999 |
|
|
|c 60007
|d 60007
|